Multilingual teaching : (Record no. 23716)
[ view plain ]
| 000 -LEADER | |
|---|---|
| fixed length control field | 01068nam a22001937a 4500 |
| 005 - DATE AND TIME OF LATEST TRANSACTION | |
| control field | 20250922144751.0 |
| 008 - FIXED-LENGTH DATA ELEMENTS--GENERAL INFORMATION | |
| fixed length control field | 250909b |||||||| |||| 00| 0 eng d |
| 020 ## - INTERNATIONAL STANDARD BOOK NUMBER | |
| International Standard Book Number | 9781800410930 |
| 082 ## - DEWEY DECIMAL CLASSIFICATION NUMBER | |
| Classification number | DC 371.1175 H781 2025 |
| 100 ## - MAIN ENTRY--PERSONAL NAME | |
| Personal name | Horbatsch, Roma Chumak. |
| 9 (RLIN) | 67352 |
| 245 ## - TITLE STATEMENT | |
| Title | Multilingual teaching : |
| Remainder of title | the missing piece / |
| Statement of responsibility, etc. | Roma Chumak-Horbatsch. |
| 260 ## - PUBLICATION, DISTRIBUTION, ETC. (IMPRINT) | |
| Place of publication, distribution, etc. | UK : |
| Name of publisher, distributor, etc. | Multilingual Matters, |
| Date of publication, distribution, etc. | ©2025. |
| 300 ## - PHYSICAL DESCRIPTION | |
| Extent | xxi, 100 pages : |
| Other physical details | illustrations (some colors) ; |
| Dimensions | 20 cm. |
| 500 ## - GENERAL NOTE | |
| General note | Includes references and index. |
| 505 ## - FORMATTED CONTENTS NOTE | |
| Formatted contents note | Multilingual teaching and learning glossary -- The missing piece investigation -- Themes and topics -- In closing |
| 520 ## - SUMMARY, ETC. | |
| Summary, etc. | "This book lays out a radical new approach for teaching in multilingual classrooms: to include everyone, including those who already speak the<br/>school language, in multilingual pedagogy. The author proposes Linguistically Appropriate Practice Plus, a new resource to help teachers<br/>support the language interests of school language speakers" |
| 650 #0 - SUBJECT ADDED ENTRY--TOPICAL TERM | |
| Topical term or geographic name as entry element | Multilingual education. |
| 9 (RLIN) | 68036 |
| 942 ## - ADDED ENTRY ELEMENTS (KOHA) | |
| Source of classification or shelving scheme | Dewey Decimal Classification |
| Koha item type | Circulation |
| Withdrawn status | Lost status | Source of classification or shelving scheme | Damaged status | Not for loan | Collection code | Home library | Current library | Date acquired | Source of acquisition | Cost, normal purchase price | Total Checkouts | Full call number | Barcode | Date last seen | Price effective from | Koha item type |
|---|---|---|---|---|---|---|---|---|---|---|---|---|---|---|---|---|
| Dewey Decimal Classification | Circulation | UM Digos College - LIC | UM Digos College - LIC | 08/11/2025 | Purchased | 1118.00 | DC 371.1175 H781 2025 | 28741 | 09/09/2025 | 09/09/2025 | Circulation |
